[Event "Neubrandenburg-chB"]
[Site "Neubrandenburg"]
[Date "2022.04.09"]
[Round "1"]
[White "Marzisch, Darius"]
[Black "Mahlke, Arnim"]
[Result "1-0"]
[WhiteElo "1615"]
[BlackElo "1172"]
[PlyCount "101"]
[EventDate "2022.04.09"]
[EventType "swiss"]
[EventRounds "7"]
[EventCountry "GER"]
[SourceTitle "CBM 207 Extra"]
[Source "ChessBase"]
[SourceDate "2022.05.31"]
[SourceVersion "1"]
[SourceVersionDate "2022.05.31"]
[SourceQuality "1"]

1. e4 e5 2. f4 exf4 3. Nf3 Nc6 4. Bc4 Bc5 5. d4 Na5 6. Bxf7+ Kxf7 7. dxc5 Qe7 8. Qd5+ Kf8 9. Qe5 Qxe5 10. Nxe5 d6 11. cxd6 cxd6 12. Nf3 Nf6 13. Nc3 Bd7 14. Bxf4 Nc4 15. b3 Nh5 16. Bc1 Ne5 17. Nd5 Rc8 18. Nxe5 dxe5 19. 0-0+ Ke8 20. c4 Rc6 21. Bb2 b5 22. Rac1 bxc4 23. Rxc4 Rxc4 24. bxc4 Nf6 25. Nxf6+ gxf6 26. Rxf6 Rg8 27. Bxe5 Rg4 28. Bd6 Rg8 29. g3 Kd8 30. c5 h5 31. Rf8+ Rxf8 32. Bxf8 Bc6 33. e5 Bd5 34. a3 a6 35. Kf2 Kd7 36. Ke3 Ke6 37. Kf4 Bg2 38. Bd6 Bh3 39. c6 a5 40. c7 Kd5 41. Kg5 Bg4 42. h3 Bxh3 43. Kxh5 Bd7 44. g4 Ke6 45. g5 Kf7 46. Kh6 Kg8 47. g6 Be6 48. g7 Bd7 49. Kg6 Be6 50. Kf6 Bc8 51. e6 1-0

[Event "Mecklenburg VP-ch U14"]
[Site "Malchow"]
[Date "2018.02.07"]
[Round "5.3"]
[White "Johlke, Lukas"]
[Black "Marzisch, Darius"]
[Result "1/2-1/2"]
[WhiteElo "1406"]
[BlackElo "1415"]
[PlyCount "32"]
[EventDate "2018.02.07"]
[EventType "swiss"]
[EventRounds "7"]
[EventCountry "GER"]
[SourceTitle "EXT 2022"]
[Source "ChessBase"]
[SourceDate "2021.10.06"]
[SourceVersion "1"]
[SourceVersionDate "2021.10.06"]
[SourceQuality "1"]

1. e4 e6 2. d4 b6 3. Nc3 Bb7 4. Bd3 Nf6 5. Nf3 d5 6. e5 Nfd7 7. 0-0 Be7 8. Ne2 c5 9. c3 Nc6 10. Bf4 0-0 11. Qc1 f6 12. exf6 Nxf6 13. Ng3 Bd6 14. Bxd6 Qxd6 15. Re1 Rac8 16. Qd2 Rfe8 1/2-1/2

[Event "GER-ch U12"]
[Site "Willingen"]
[Date "2016.05.20"]
[Round "10"]
[White "Marzisch, Darius"]
[Black "Yueksel, Baran"]
[Result "0-1"]
[WhiteElo "1499"]
[BlackElo "1422"]
[PlyCount "60"]
[EventDate "2016.05.15"]
[EventType "swiss"]
[EventRounds "11"]
[EventCountry "GER"]
[SourceTitle "CBM 172 Extra"]
[Source "ChessBase"]
[SourceDate "2016.06.21"]
[SourceVersion "1"]
[SourceVersionDate "2016.06.21"]
[SourceQuality "1"]

1. e4 c5 2. Nf3 e6 3. d4 cxd4 4. Nxd4 a6 5. Nc3 Qc7 6. a3 Bc5 7. Be3 Nf6 8. f3 b5 9. Qd2 Bb7 10. g4 h6 11. Bd3 b4 12. axb4 Bxb4 13. Nde2 e5 14. 0-0 d5 15. exd5 Bxd5 16. Nxd5 Nxd5 17. c3 Nxe3 18. Bb5+ axb5 19. Rxa8 Nxf1 20. Kxf1 Bd6 21. Ra1 0-0 22. Rd1 Rd8 23. Qc2 Bc5 24. Re1 Ba7 25. Ng3 Qc5 26. Kg2 b4 27. Ne4 Qb6 28. Ng3 b3 29. Qe2 Nc6 30. Kh1 Qf2 0-1

[Event "Mecklenburg VP U12"]
[Site "Malchow"]
[Date "2016.02.08"]
[Round "7.2"]
[White "Marzisch, Darius"]
[Black "Fromm, Marius"]
[Result "1/2-1/2"]
[WhiteElo "1493"]
[BlackElo "1596"]
[PlyCount "33"]
[EventDate "2016.02.02"]
[EventType "swiss"]
[EventRounds "7"]
[EventCountry "GER"]
[SourceTitle "EXT 2024"]
[Source "ChessBase"]
[SourceDate "2023.10.10"]
[SourceVersion "1"]
[SourceVersionDate "2023.10.10"]
[SourceQuality "1"]

1. e4 e5 2. Nf3 Nc6 3. Bc4 Bc5 4. Nc3 d6 5. h3 Nge7 6. d3 h6 7. Be3 Bb6 8. Qd2 Na5 9. Bb5+ c6 10. Ba4 Bxe3 11. fxe3 b5 12. Bb3 Nxb3 13. axb3 Ng6 14. d4 0-0 15. 0-0 a6 16. Rfd1 Bb7 17. Qf2 1/2-1/2

[Event "GER-ch U12"]
[Site "Willingen"]
[Date "2015.05.27"]
[Round "7"]
[White "Marzisch, Darius"]
[Black "Peters, Malte"]
[Result "1-0"]
[WhiteElo "1264"]
[BlackElo "1007"]
[PlyCount "63"]
[EventDate "2015.05.24"]
[EventType "swiss"]
[EventRounds "11"]
[EventCountry "GER"]
[SourceTitle "CBM 166 Extra"]
[Source "ChessBase"]
[SourceDate "2015.06.18"]
[SourceVersion "1"]
[SourceVersionDate "2015.06.18"]
[SourceQuality "1"]

1. e4 c5 2. Nf3 Nc6 3. c4 g6 4. d4 cxd4 5. Nxd4 Bg7 6. Nxc6 bxc6 7. Bd3 e6 8. Qb3 d5 9. cxd5 cxd5 10. exd5 Qxd5 11. Qxd5 exd5 12. 0-0 a6 13. Nd2 Nf6 14. Nb3 0-0 15. Bd2 Re8 16. Bc3 Ne4 17. Bxg7 Kxg7 18. Rfe1 Bf5 19. Nd4 Kf6 20. Nxf5 gxf5 21. Rac1 Rec8 22. Rc2 Nc5 23. Rec1 Nxd3 24. Rxc8 Rxc8 25. Rxc8 Ke7 26. b3 d4 27. Kf1 Kd6 28. Ke2 Nb2 29. Kd2 Kd7 30. Rc2 Nd1 31. Kxd1 d3 32. Rd2 1-0

[Event "GER-ch U12"]
[Site "Willingen"]
[Date "2015.05.27"]
[Round "6"]
[White "Zha, Kevin"]
[Black "Marzisch, Darius"]
[Result "0-1"]
[WhiteElo "1154"]
[BlackElo "1264"]
[PlyCount "108"]
[EventDate "2015.05.24"]
[EventType "swiss"]
[EventRounds "11"]
[EventCountry "GER"]
[SourceTitle "CBM 166 Extra"]
[Source "ChessBase"]
[SourceDate "2015.06.18"]
[SourceVersion "1"]
[SourceVersionDate "2015.06.18"]
[SourceQuality "1"]

1. e4 e5 2. Nf3 Nc6 3. d4 exd4 4. Nxd4 Nf6 5. Nc3 Bb4 6. Nxc6 dxc6 7. Qxd8+ Kxd8 8. Bd3 Re8 9. Bg5 Bxc3+ 10. bxc3 Re6 11. 0-0 Ke8 12. Rfe1 Kf8 13. Rad1 b5 14. a3 Bb7 15. e5 Rae8 16. f4 h6 17. Bxf6 gxf6 18. Bf5 R6e7 19. Bg4 fxe5 20. fxe5 Rxe5 21. Rxe5 Rxe5 22. Kf2 Rd5 23. Rd3 Rxd3 24. cxd3 Ke7 25. c4 Ba6 26. c5 Kf6 27. d4 Kg5 28. Bd7 Bb7 29. Kf3 a5 30. Be8 f6 31. Bf7 Bc8 32. Be8 Bb7 33. Bf7 f5 34. Be6 Kf6 35. Bb3 Bc8 36. a4 Be6 37. Bc2 Bd5+ 38. Kf2 b4 39. Ke2 b3 40. Bb1 Bxg2 41. Kd2 Be4 42. Bxe4 fxe4 43. d5 cxd5 44. h4 e3+ 45. Kxe3 b2 46. h5 b1Q 47. c6 Qb3+ 48. Kf4 d4 49. Ke4 d3 50. Ke3 Qc2 51. Kf3 d2 52. Kg4 d1Q+ 53. Kg3 Qdd3+ 54. Kh4 Qcc4# 0-1

[Event "GER-ch U12"]
[Site "Willingen"]
[Date "2015.05.26"]
[Round "5"]
[White "Marzisch, Darius"]
[Black "Sinnhoefer, Lilian"]
[Result "1/2-1/2"]
[WhiteElo "1264"]
[BlackElo "1106"]
[PlyCount "66"]
[EventDate "2015.05.24"]
[EventType "swiss"]
[EventRounds "11"]
[EventCountry "GER"]
[SourceTitle "CBM 166 Extra"]
[Source "ChessBase"]
[SourceDate "2015.06.18"]
[SourceVersion "1"]
[SourceVersionDate "2015.06.18"]
[SourceQuality "1"]

1. e4 e5 2. Nf3 Nc6 3. Bc4 Be7 4. Nc3 Nf6 5. d4 exd4 6. Nxd4 d6 7. Be3 Bd7 8. Qd2 0-0 9. 0-0-0 a6 10. f3 a5 11. g4 a4 12. h4 a3 13. b3 Rb8 14. h5 Nxd4 15. Bxd4 b5 16. Bd3 b4 17. Nd5 Nxd5 18. exd5 Bf6 19. Be3 Bb2+ 20. Kb1 Bc3 21. Qh2 Qf6 22. Qf4 Qxf4 23. Bxf4 h6 24. Bd2 Bf6 25. Rde1 Bb5 26. Be4 Ba6 27. Be3 Bc3 28. Reg1 Bc8 29. Rg2 Bf6 30. Rhg1 Kh8 31. Rd1 Bd7 32. Bd4 Bg5 33. Rdg1 Rfe8 1/2-1/2

[Event "GER-ch U12"]
[Site "Willingen"]
[Date "2015.05.25"]
[Round "3"]
[White "Marzisch, Darius"]
[Black "Hassemeier, Mika"]
[Result "0-1"]
[WhiteElo "1264"]
[BlackElo "1526"]
[PlyCount "92"]
[EventDate "2015.05.24"]
[EventType "swiss"]
[EventRounds "11"]
[EventCountry "GER"]
[SourceTitle "CBM 166 Extra"]
[Source "ChessBase"]
[SourceDate "2015.06.18"]
[SourceVersion "1"]
[SourceVersionDate "2015.06.18"]
[SourceQuality "1"]

1. e4 c5 2. Nf3 e6 3. d4 cxd4 4. Nxd4 Nf6 5. Bd3 Nc6 6. Nxc6 bxc6 7. c4 d5 8. exd5 cxd5 9. cxd5 Qxd5 10. 0-0 Bb7 11. f3 Bc5+ 12. Kh1 0-0 13. Nc3 Qh5 14. Bf4 Rfd8 15. Qc2 Rac8 16. Rae1 Nd5 17. Re5 f5 18. Rxe6 Nxf4 19. Bxf5 Nxe6 20. Bxe6+ Kh8 21. Bxc8 Bxc8 22. Ne4 Bb6 23. Rc1 Bf5 24. g4 Bxe4 25. Qxe4 Qd5 26. Qxd5 Rxd5 27. Rc8+ Bd8 28. Kg2 h6 29. Rc2 Kh7 30. b3 Kg6 31. Re2 Bb6 32. h3 Kf6 33. Kf1 Re5 34. Rxe5 Kxe5 35. Ke2 Kf4 36. h4 h5 37. gxh5 Kg3 38. h6 gxh6 39. a4 a5 40. h5 Kh4 41. Kf1 Kxh5 42. Kg2 Kg5 43. Kh3 Kf4 44. Kh4 Kxf3 45. Kh5 Ke4 46. Kxh6 Kd3 0-1

[Event "Mecklenburg VP-ch U12"]
[Site "Malchow"]
[Date "2015.02.03"]
[Round "6.2"]
[White "Marzisch, Darius"]
[Black "Gazizov, Max"]
[Result "1-0"]
[WhiteElo "1499"]
[BlackElo "1100"]
[PlyCount "101"]
[EventDate "2015.01.31"]
[EventType "swiss"]
[EventRounds "7"]
[EventCountry "GER"]
[SourceTitle "EXT 2022"]
[Source "ChessBase"]
[SourceDate "2021.10.06"]
[SourceVersion "1"]
[SourceVersionDate "2021.10.06"]
[SourceQuality "1"]

1. e4 d6 2. d4 Nf6 3. Nc3 g6 4. Nf3 Bg7 5. Bc4 Bg4 6. h3 Bxf3 7. Qxf3 Nbd7 8. Bg5 0-0 9. 0-0-0 h6 10. Be3 e5 11. Qg3 Qe7 12. Qxg6 Kh8 13. Qg3 Rg8 14. Qh4 Qf8 15. f4 Nh7 16. g4 exf4 17. Bxf4 Qd8 18. Qg3 Qe7 19. Rhe1 Rae8 20. Nd5 Qd8 21. Nc3 Qe7 22. Nd5 Qd8 23. c3 Nb6 24. Nxb6 axb6 25. Bxf7 Bf6 26. Qe3 Ng5 27. Bxg8 Rxe4 28. Qg3 Rxe1 29. Rxe1 Kxg8 30. h4 Nh7 31. Qe3 Kf7 32. Qe6+ Kg7 33. Bxh6+ Kxh6 34. g5+ Nxg5 35. hxg5+ Kxg5 36. Rg1+ Kh6 37. Qh3+ Bh4 38. Qe6+ Qf6 39. Qxf6+ Bxf6 40. Rg8 c5 41. dxc5 bxc5 42. Rb8 d5 43. Rxb7 d4 44. cxd4 Bxd4 45. Kc2 Kg5 46. a4 Kf6 47. a5 Ke5 48. a6 c4 49. a7 Bxa7 50. Rxa7 Kd4 51. Ra4 1-0

[Event "Mecklenburg VP-ch U10"]
[Site "Malchow"]
[Date "2014.02.04"]
[Round "6"]
[White "Marzisch, Darius"]
[Black "Wucherer, Sophie"]
[Result "1-0"]
[WhiteElo "963"]
[BlackElo "950"]
[PlyCount "87"]
[EventDate "2014.02.01"]
[EventType "swiss"]
[EventRounds "7"]
[EventCountry "GER"]
[SourceTitle "EXT 2017"]
[Source "ChessBase"]
[SourceDate "2016.10.25"]
[SourceVersion "1"]
[SourceVersionDate "2016.10.25"]
[SourceQuality "1"]

1. e4 e6 2. d3 d5 3. Nd2 Nc6 4. g3 Nf6 5. Bg2 g6 6. Ngf3 Bg7 7. 0-0 0-0 8. Re1 dxe4 9. Nxe4 b6 10. Bg5 h6 11. Bxf6 Bxf6 12. Qd2 Bxb2 13. Qxh6 Bg7 14. Qh3 e5 15. g4 Bf6 16. Qh6 Nd4 17. Nxd4 exd4 18. Qf4 Bg7 19. Nf6+ Bxf6 20. Bxa8 Bg5 21. Qf3 Ba6 22. Bb7 Bb5 23. Bc6 Ba6 24. Qd5 Qf6 25. Qf3 Qd8 26. Re2 Qd6 27. Qd5 Qf6 28. Qe5 Qd8 29. Rae1 Kh7 30. Qg3 Qf6 31. Qf3 Qd6 32. Qh3+ Kg7 33. Qf3 Qd8 34. Qe4 Qd6 35. Qe5+ Bf6 36. Qxd6 cxd6 37. f4 Bc8 38. f5 gxf5 39. gxf5 Bxf5 40. Rf1 Bg4 41. Rg2 Rg8 42. Rxg4+ Kf8 43. Rxg8+ Kxg8 44. Rxf6 1-0